| 000 | 00596na a2200217 4500 | ||
|---|---|---|---|
| 001 | 17846 | ||
| 003 | MIRAKIL | ||
| 005 | 20181213155021.0 | ||
| 008 | 161107b tu 000 0 | ||
| 040 |
_aMilas _btur _cTR-AnCHP |
||
| 041 | _atur | ||
| 082 |
_a304.2 _bÇ38 1996 |
||
| 090 | _a304.2 Ç38 1996 | ||
| 245 |
_aÇevresel elektro-kirlenme ve insan _cEditör Nuray Kırdı |
||
| 260 |
_aAnkara _bTürkiye Fizyoterapistler Derneği _c1996 |
||
| 300 |
_a62 s. _c23 sm. |
||
| 504 | _aKaynakça var. | ||
| 650 |
_aÇevre _xElektronik kirlilik |
||
| 700 | _aKırdı, Nuray | ||
| 942 |
_2ddc _cBKS |
||
| 999 |
_c4879 _d4879 |
||